[Event "Britsh Columbia-ch U20"]
[Site "Vancouver"]
[Date "2012.12.02"]
[Round "5.4"]
[White "Cui, Karl"]
[Black "Lo, Ryan"]
[Result "0-1"]
[WhiteElo "1568"]
[BlackElo "2217"]
[PlyCount "76"]
[EventDate "2012.12.01"]
[EventType "swiss"]
[EventRounds "5"]
[EventCountry "CAN"]
[SourceTitle "EXT 2022"]
[Source "ChessBase"]
[SourceDate "2021.10.06"]
[SourceVersion "1"]
[SourceVersionDate "2021.10.06"]
[SourceQuality "1"]

1. d4 g6 2. c4 Nf6 3. Nc3 d5 4. cxd5 Nxd5 5. e4 Nxc3 6. bxc3 Bg7 7. Bc4 c5 8. Ne2 Nc6 9. Be3 0-0 10. 0-0 Na5 11. Bd3 b6 12. Rc1 e5 13. d5 f5 14. c4 Nb7 15. f4 Nd6 16. Ng3 Qc7 17. exf5 e4 18. fxg6 exd3 19. gxh7+ Kh8 20. Qxd3 Bf5 21. Nxf5 Nxf5 22. Bd2 Rae8 23. Rce1 Qd7 24. g4 Rxe1 25. Rxe1 Nd4 26. f5 b5 27. cxb5 Qxd5 28. Re4 c4 29. Qe3 Nxb5 30. Kf1 c3 31. Bc1 c2 32. Re8 Qd1+ 33. Kf2 Bd4 34. Rxf8+ Kxh7 35. Rf7+ Kg8 36. Rg7+ Kxg7 37. Bb2 c1Q 38. Bxd4+ Qxd4 0-1

[Event "Britsh Columbia-ch U20"]
[Site "Vancouver"]
[Date "2012.12.01"]
[Round "2.7"]
[White "Cui, Karl"]
[Black "Su, Michael"]
[Result "1-0"]
[WhiteElo "1568"]
[BlackElo "1682"]
[PlyCount "63"]
[EventDate "2012.12.01"]
[EventType "swiss"]
[EventRounds "5"]
[EventCountry "CAN"]
[SourceTitle "EXT 2022"]
[Source "ChessBase"]
[SourceDate "2021.10.06"]
[SourceVersion "1"]
[SourceVersionDate "2021.10.06"]
[SourceQuality "1"]

1. d4 e6 2. c4 f5 3. Nc3 Nf6 4. Nf3 Bb4 5. Qc2 0-0 6. e3 b6 7. Bd3 Bb7 8. Bd2 Bxc3 9. Bxc3 d6 10. 0-0-0 Nbd7 11. Kb1 Ne4 12. Rdg1 c5 13. Be1 cxd4 14. exd4 e5 15. d5 Ndc5 16. g4 Bc8 17. g5 Bd7 18. h4 Rb8 19. g6 h6 20. Rh2 b5 21. Ng5 hxg5 22. hxg5 Re8 23. f3 Kf8 24. fxe4 bxc4 25. exf5 cxd3 26. Rh8+ Ke7 27. f6+ gxf6 28. gxf6+ Kxf6 29. Qf2+ Bf5 30. Qh4+ Kg7 31. Qh7+ Kf6 32. Qf7# 1-0

[Event "Britsh Columbia-ch U20"]
[Site "Vancouver"]
[Date "2012.12.01"]
[Round "1.6"]
[White "Herdin, Matthew"]
[Black "Cui, Karl"]
[Result "1-0"]
[WhiteElo "1972"]
[BlackElo "1568"]
[PlyCount "49"]
[EventDate "2012.12.01"]
[EventType "swiss"]
[EventRounds "5"]
[EventCountry "CAN"]
[SourceTitle "EXT 2022"]
[Source "ChessBase"]
[SourceDate "2021.10.06"]
[SourceVersion "1"]
[SourceVersionDate "2021.10.06"]
[SourceQuality "1"]

1. e4 c6 2. Nc3 d5 3. Nf3 Bg4 4. exd5 cxd5 5. h3 Bh5 6. d4 e6 7. Bf4 Nc6 8. g4 Bg6 9. a3 Nf6 10. Bg2 a6 11. 0-0 b5 12. Ne5 Nxe5 13. dxe5 Nd7 14. Nxd5 exd5 15. Qxd5 Ra7 16. e6 fxe6 17. Qxe6+ Be7 18. Rad1 Qb6 19. Bc6 Qd8 20. Rfe1 Rf8 21. Bg5 Rf7 22. Bxe7 Qxe7 23. Rxd7 Qxe6 24. Rxe6+ Kf8 25. Rd8# 1-0